Doing business in Germany: A legal manual

Salvato in:
Dettagli Bibliografici
Autore principale: Rudolf Mueller
Natura: Libro
Lingua:Undetermined
Pubblicazione: [Germany] Fritz Knapp Verlag 1960
Soggetti:
law
Tags: Aggiungi Tag
Nessun Tag, puoi essere il primo ad aggiungerne! !
Thư viện lưu trữ: Trung tâm Học liệu Trường Đại học Cần Thơ
LEADER 00522nam a2200205Ia 4500
001 CTU_84940
008 210402s9999 xx 000 0 und d
082 |a 340.0943 
082 |b M946 
100 |a Rudolf Mueller 
245 0 |a Doing business in Germany: 
245 2 |b A legal manual 
245 0 |c Rudolf Mueller 
260 |a [Germany] 
260 |b Fritz Knapp Verlag 
260 |c 1960 
650 |a law 
650 |x popular works 
650 |z germany 
980 |a Trung tâm Học liệu Trường Đại học Cần Thơ